000 003190000a22001450004500
003 MACL
040 _aMACL
090 _c8918
_d8917
100 _aHawley , John Stratton
245 _aSongs of the Saints of India
260 _bOxford University Press
_c2004
350 _a295
650 _aReligion
942 _cBOOK
_k294
999 _c8863
_d8863